书目信息 |
| 题名: |
多元视角下建筑设计理论研究
|
|
| 作者: | 郝占国 , 苏晓明 著 | |
| 分册: | ||
| 出版信息: | 北京 北京工业大学出版社 2021.5 |
|
| 页数: | 185页 | |
| 开本: | 24cm | |
| 丛书名: | ||
| 单 册: | ||
| 中图分类: | TU201.1 | |
| 科图分类: | ||
| 主题词: | 建筑设计--理论研究 | |
| 电子资源: | ||
| ISBN: | 978-7-5639-6972-2 | |
| 000 | 00857nam0 2200241 45 | |
| 001 | 012001002328 | |
| 005 | 20140913170512.0 | |
| 010 | @a978-7-5639-6972-2@dCNY48.00 | |
| 100 | @a20200804d2019 emky0chiy50 ea | |
| 101 | 0 | @achi |
| 102 | @aCN@b110000 | |
| 105 | @ay z 000yy | |
| 106 | @ar | |
| 200 | 1 | @a多元视角下建筑设计理论研究@Aduo yuan shi jiao xia jian zhu she ji li lun yan jiu@b专著@f郝占国,苏晓明著 |
| 210 | @a北京@c北京工业大学出版社@d2021.5 | |
| 215 | @a185页@d24cm | |
| 330 | @a本书介绍了建筑设计的构思与流程,空间视角下、技术视角下、景观艺术视角下、经济视角下、人体科学视角下的建筑设计,以及建筑设计的现代发展。 | |
| 606 | 0 | @a建筑设计@x理论研究 |
| 690 | @aTU201.1@v5 | |
| 701 | 0 | @a郝占国@Ahao zhan guo@c(建筑设计)@4著 |
| 701 | 0 | @a苏晓明@Asu xiao ming@4著 |
| 801 | 0 | @aCN@bBJSDL@c20211011 |
| 905 | @b1339304-7@dTU201.1@e2024@f4 | |
| 多元视角下建筑设计理论研究/郝占国,苏晓明著.-北京:北京工业大学出版社,2021.5 |
| 185页;24cm |
| ISBN 978-7-5639-6972-2:CNY48.00 |
| 本书介绍了建筑设计的构思与流程,空间视角下、技术视角下、景观艺术视角下、经济视角下、人体科学视角下的建筑设计,以及建筑设计的现代发展。 |
| ● |
| 相关链接 |
|
|
|
|
正题名:多元视角下建筑设计理论研究
索取号:TU201.1/2024
 
预约/预借
| 序号 | 登录号 | 条形码 | 馆藏地/架位号 | 状态 | 备注 |
| 1 | 1339304 | 213393040 | 第二样本阅览室/ [索取号:TU201.1/2024] | 在馆 | |
| 2 | 1339305 | 213393059 | 第三借阅区/ [索取号:TU201.1/2024] | 在馆 | |
| 3 | 1339306 | 213393068 | 第三借阅区/ [索取号:TU201.1/2024] | 在馆 | |
| 4 | 1339307 | 213393077 | 第三借阅区/ [索取号:TU201.1/2024] | 在馆 |